000 00964cam a22002651 4500
001 gs 65000360
003 DLC
005 20260227111417.0
008 770119s1965 xx 000 0 eng c
010 _ags 65000360
035 _a(OCoLC)2688422
040 _aU.S. Geol. Survey. Library.
_cTxEU
_dDLC
042 _apremarc
050 0 0 _aQE138.C55
_bB4
100 1 _aBeal, Laurence H.
245 1 0 _aGeology and mineral deposits of the Bunkerville mining district, Clark County, Nevada,
_cby Laurence H. Beal.
260 _aReno,
_bMackay School of Mines, University of Nevada,
_c1965.
300 _avii, 96 p.
_billus., maps (2 fold. col.)
_c23 cm.
410 2 0 _aNevada Bureau of Mines.
_tBulletin
_v63
500 _aPart of illustrative matter fold. in pocket.
504 _aBibliography: p. 87-89.
650 0 _aGeology
_zNevada
_zClark County.
650 0 _aMines and mineral resources
_zNevada
_zClark County.
650 0 _aPetrology
_zNevada
_zClark County.
999 _c30103
_d30103